LEADER 00781nam a2200205 i 4500 001 000000207722 003 CaOOAMICUS 005 20111104000000.0 008 111104s1890 it u000 u ita u 013 $a186505 040 $aSeMil$bita 100 1 $aSettembrini, Luigi,$d<1813-1876>.$0(OLS)http://semarc/name/2701 245 10$aVol. 3. 250 $a13. Ed. stereotipa. 300 $aIV, 434 p. 500 $aCop. strappata ma presente. 773 0 $aSettembrini, Luigi <1813-1876>$tLezioni di letteratura italiana, dettate nell'Università di Napoli.$b13. Ed. stereotipa.$dNapoli : Antonio Morano, 1890.$g3$w()25719 850 $aSeMil 852 $aSeMil$W1$xVenegono$y1$m1T II 18 FA$j158181$B158181$CSeMilBibl$Z2$F169404 $8I 996 $6245$aVol. 3$9(OLS)http://semarc/title/80712 LEADER 01050nam a2200229 i 4500 001 000000051977 003 CaOOAMICUS 005 20260310101439.0 008 140225s1912 gw u000 u lat u 040 $aSeMil$bita 240 00$aBibbia. Nuovo Testamento.$0(OLS)http://semarc/title/436485 245 10$aNovum Testamentum graece et latine /$cutrumque textum cum apparatu critico ex editionibus et libris manu scriptis collecto imprimendum curavit Eberhard Nestle. 250 $aEditio 4. recognita 260 $aStuttgart :$bPrivilegierte Württembergische Bibelanstalt,$c1912. 300 $aXXXIII, 665, V p. ;$c16 cm. 700 1 $aNestle, Eberhard.$0(OLS)http://semarc/name/25668 850 $aSeMil 852 $aSeMil$W1$xVenegono$y1$m2VA I 55$j268189$B18132$CSeMilBibl$Z2$F18133 $81 961 $aAcquisto: Casa editrice 996 $6245$aNovum Testamentum graece et latine$9(OLS)http://semarc/title/7290 996 $6260$aStuttgart :$bPrivilegierte Württembergische Bibelanstalt$9(OLS)http://semarc/publisher/55523